FingerFlow: deep learning framework for fingerprint recognition
Saved in:
| Main Author: | |
|---|---|
| Other Authors: | |
| Format: | Manuscript Book |
| Language: | Slovak English |
| Published: |
Bratislava :
STU v Bratislave FEI,
2022
|
| Subjects: | |
| Online Access: | https://opac.crzp.sk/?fn=detailBiblioFormChildGH9C4&sid=7E432E204D1F6C329D5E893802D8&seo=CRZP-detail-kniha |
| Tags: |
No Tags, Be the first to tag this record!
|
MARC
| LEADER | 00000ntm a22000003a 4500 | ||
|---|---|---|---|
| 001 | stuzp88812 | ||
| 003 | SK-STU | ||
| 005 | 20230130141148.5 | ||
| 007 | ta | ||
| 008 | 150427s2015----xo-----f-mn---000-0-slo-d | ||
| 040 | |a STU |b slo | ||
| 041 | 0 | |a eng | |
| 044 | |a xo | ||
| 100 | 1 | |a Arendáč, Jakub |u 035000 |4 aut |U FEI Fakulta elektrotechniky a informatiky |T FEI Ústav informatiky a matematiky |X 86347 |U E050 |Y 816 |7 86347 | |
| 242 | 0 | 1 | |a FingerFlow: deep learning framework na rozpoznávanie odtlačkov prstov |y slo |
| 245 | 1 | 0 | |a FingerFlow: deep learning framework for fingerprint recognition |
| 260 | |a Bratislava : |b STU v Bratislave FEI, |c 2022 | ||
| 300 | |a 98 s., príl. | ||
| 650 | 4 | |a odtlačky prstov |2 slo | |
| 650 | 4 | |a daktyloskopické markanty |2 slo | |
| 650 | 4 | |a biometria |2 slo | |
| 650 | 4 | |a neurónové siete |2 slo | |
| 650 | 4 | |a fingerprints |2 eng | |
| 650 | 4 | |a dactyloscopic minutiae |2 eng | |
| 650 | 4 | |a biometrics |2 eng | |
| 650 | 4 | |a neural networks |2 eng | |
| 700 | 1 | |a Marák, Pavol |u 035000 |k Z1 |4 ths |U FEI Fakulta elektrotechniky a informatiky |T FEI Ústav informatiky a matematiky |X 50790 |U E050 |Y 816 |7 A000050790 | |
| 856 | 4 | |u https://opac.crzp.sk/?fn=detailBiblioFormChildGH9C4&sid=7E432E204D1F6C329D5E893802D8&seo=CRZP-detail-kniha | |